Public Relations : Dějiny - teorie - praxe

Gespeichert in:
Bibliographische Detailangaben
1. Verfasser: Kopecký, Ladislav (Verfasst von)
Format: Buch
Sprache:Tschechisch
Veröffentlicht: Praha : Grada Publishing, 2013
Schlagworte:
Tags: Tag hinzufügen
Keine Tags, Fügen Sie das erste Tag hinzu!

MARC

LEADER 00000nam a22000003a 4500
001 stu278570
005 20230511105308.8
008 131125s2013----xr------------------cze-d
020 |a 978-80-247-4229-8 
040 |a STU  |b slo 
041 0 |a cze 
044 |a xr 
080 |a 659.4 
100 1 |a Kopecký, Ladislav  |4 aut 
245 1 |a Public Relations :  |b Dějiny - teorie - praxe 
260 |a Praha :  |b Grada Publishing,  |c 2013 
300 |a 238 s 
650 7 |a Public Relations  |2 estusub 
996 |b 284M085645  |c M*13596-2  |l MMKN  |s A  |a 24  |w stu278570_0001 
996 |b 284M085644  |c M*13596-1  |l MMKN  |s A  |a 24  |w stu278570_0002 
996 |b 284EK90108  |c E* 90108  |l EE33  |s P  |a 0  |w stu278570_0003